书目信息 |
| 题名: |
视频压缩与音频编码技术
|
|
| 作者: | ;精英科技 | |
| 分册: | ||
| 出版信息: | 北京 中国电力 2002 |
|
| 页数: | 553 | |
| 开本: | 26cm | |
| 丛书名: | ||
| 单 册: | ||
| 中图分类: | TP37.46 | |
| 科图分类: | ||
| 主题词: | 计算技术 , 电子计算机 | |
| 电子资源: | ||
| ISBN: | 7-5083-0674-0 | |
| 000 | 00559nam0 2200193 450 | |
| 001 | 0737190390 | |
| 005 | 20070818101950.39 | |
| 010 | @a7-5083-0674-0@d¥49.00 | |
| 100 | @a20070818d km y0chiy0120 ea | |
| 101 | 0 | @achi |
| 200 | 1 | @a视频压缩与音频编码技术@Ashi pin ya suo yu yin pin bian ma ji shu@f精英科技@Fjing ying ke ji |
| 210 | @a北京@c中国电力@d2002 | |
| 215 | @a553@d26cm | |
| 606 | 0 | @a计算技术 |
| 606 | 0 | @a电子计算机 |
| 690 | @aTP37.46@v3 | |
| 711 | 02 | @a精英科技@Ajing ying ke ji |
| 801 | 0 | @aCN@bPFT@c20070818 |
| 905 | @a213230@dTP37.46@eJ47JY@f1 | |
| 视频压缩与音频编码技术/精英科技.-北京:中国电力,2002 |
| 553;26cm |
| ISBN 7-5083-0674-0:¥49.00 |
| ● |
| 相关链接 |
|
|
|
|
正题名:视频压缩与音频编码技术
索取号:TP37.46/J47JY
 
预约/预借
| 序号 | 登录号 | 条形码 | 馆藏地/架位号 | 状态 | 备注 |
| 1 | 6101083 | 261010836 | 密集书库—计算机科学学院/ [索取号:TP37.46/J47JY] | 在馆 |